000
00233nam a2200097Ia 4500
008
230915s9999 xx 000 0 und d
050
_a
QE28.2.P588 2008
100
_a
CHARLES C.PLUMMER
245
0
_a
PHYSICAL GEOLOGY
942
_c
BK
999
_c
191024
_d
191024